Mẫn và tôi Tiểu thuyết
Truyện phản ánh về tình quân dân, tình yêu đôi lứa, tình yêu nước hòa quyện trong cuộc chiến của chiến sĩ quân giải phóng MN
Gespeichert in:
| 1. Verfasser: | |
|---|---|
| Format: | Buch |
| Sprache: | Undetermined |
| Veröffentlicht: |
Hà Nội
Văn học
2001
|
| Schlagworte: | |
| Tags: |
Tag hinzufügen
Keine Tags, Fügen Sie den ersten Tag hinzu!
|
| Thư viện lưu trữ: | Trung tâm Học liệu Trường Đại học Cần Thơ |
|---|
| LEADER | 00724nam a2200193Ia 4500 | ||
|---|---|---|---|
| 001 | CTU_10568 | ||
| 008 | 210402s9999 xx 000 0 und d | ||
| 082 | |a 895.922333 | ||
| 082 | |b T550m/2001 | ||
| 100 | |a Phan Tứ | ||
| 245 | 0 | |a Mẫn và tôi | |
| 245 | 0 | |b Tiểu thuyết | |
| 245 | 0 | |c Phan Tứ | |
| 260 | |a Hà Nội | ||
| 260 | |b Văn học | ||
| 260 | |c 2001 | ||
| 520 | |a Truyện phản ánh về tình quân dân, tình yêu đôi lứa, tình yêu nước hòa quyện trong cuộc chiến của chiến sĩ quân giải phóng MN | ||
| 650 | |a vietnamese fiction - 1960 - 1975,war stories, vietnamese | ||
| 980 | |a Trung tâm Học liệu Trường Đại học Cần Thơ | ||